000 00522nam a2200169 4500
001 108504
003 ES-MaACL
005 20230906184643.0
007 t|
008 061121s1960 sp r ||||1| spa d
100 1 _aMontes de Neira Pérez-Rasilla, Luis.
_982566
245 1 0 _aMétodo rápido de taquigrafía española /
_cpor Luis Montes de Neira Pérez-Rasilla.
250 _a4.ª ed.
260 _aSantander :
_b[s.n.],
_c1960 (
_fImp. Sanara)
300 _a116 p. ;
_c20 cm.
852 _aES-MaACL
_jC-17758
_bR.45580
999 _c108504
_d108504